000 00641nam a2200241Ia 4500
003 OSt
005 20220916111020.0
006 a|||||r|||| 00| 0
007 ta
008 220915b |||||||| |||| 00| 0 eng d
024 _a100131
037 _cTextbook
040 _beng
_aARTS
_cARTS
041 _aeng
082 _aV1N45g, J31,J32,J32;1 (906) (TW)
110 _aUnited nations Publ;ic information. department of
245 0 _aEveryman's United Nations
250 _a4th
260 _c1953
650 _aHISTORY
942 _hV1N45g, J31,J32,J32;1 (906) (TW)
_cTB
_2CC
999 _c103404
_d103404